| Tag |
First Indicator |
Second Indicator |
Subfields |
| LEADER |
00000cam a2200000 a 4500 |
| 001 |
in00000011450 |
| 005 |
20151007052051.0 |
| 008 |
861215s1987 enk b 00110 eng |
| 010 |
|
|
|a 86033497
|
| 020 |
|
|
|a 0566053985 :
|c $35.00 (U.S. : est.)
|
| 035 |
|
|
|a (OCoLC)15053292
|
| 035 |
|
|
|9 AAA6132AM
|
| 040 |
|
|
|a DLC
|c DLC
|d UtOrBLW
|
| 043 |
|
|
|a n-us---
|a n-us-il
|
| 049 |
|
|
|a TXAM
|c [A12644427]
|
| 050 |
0 |
0 |
|a HM22.U5
|b H27 1987
|
| 082 |
0 |
|
|a 301/.0973
|2 19
|
| 100 |
1 |
|
|a Harvey, Lee,
|d 1949-
|
| 245 |
1 |
0 |
|a Myths of the Chicago school of sociology /
|c Lee Harvey.
|
| 264 |
|
1 |
|a Aldershot, Hants, England :
|b Avebury ;
|a Brookfield, Vt., U.S.A. :
|b Gower,
|c [1987]
|
| 264 |
|
4 |
|c ©1987
|
| 300 |
|
|
|a vi, 350 pages ;
|c 24 cm.
|
| 336 |
|
|
|a text
|b txt
|2 rdacontent
|
| 337 |
|
|
|a unmediated
|b n
|2 rdamedia
|
| 338 |
|
|
|a volume
|b nc
|2 rdacarrier
|
| 504 |
|
|
|a Bibliography: pages 300-330.
|
| 500 |
|
|
|a Includes index.
|
| 650 |
|
0 |
|a Sociology
|z United States
|x History.
|
| 650 |
|
0 |
|a Chicago school of sociology
|x History.
|
| 999 |
|
|
|a MARS
|
| 999 |
f |
f |
|s 6c5a37d2-c93b-3204-a586-30d756cf417c
|i 4d564f1a-5d4f-36ae-a4b0-114d15d4208c
|t 0
|
| 952 |
f |
f |
|p ric
|a Texas A&M University
|b Rellis Campus
|c Joint Library Facility
|d Remote Storage
|t 0
|e HM22.U5 H27 1987
|h Library of Congress classification
|i unmediated -- volume
|m A14812644427
|
| 998 |
f |
f |
|a HM22.U5 H27 1987
|t 0
|l Remote Storage
|